The Cancer Sell (Record no. 335101)
[ view plain ]
| 000 -LEADER | |
|---|---|
| fixed length control field | 00503nam a2200097Ia 4500 |
| 008 - FIXED-LENGTH DATA ELEMENTS--GENERAL INFORMATION | |
| fixed length control field | 170517s9999 xx 000 0 und d |
| 245 #4 - TITLE STATEMENT | |
| Title | The Cancer Sell |
| 300 ## - PHYSICAL DESCRIPTION | |
| Extent | This film came about because Sarah Macdonald wanted to find out more, to investigate the alternative cancer treatments and the clinics behind them. At first it seemed easy enough. The facilities promote their services through glossy brochures and online... |
| 650 ## - SUBJECT ADDED ENTRY--TOPICAL TERM | |
| General subdivision | Technology. |
| 856 ## - ELECTRONIC LOCATION AND ACCESS | |
| Uniform Resource Identifier | <a href="http://topdocumentaryfilms.com/cancer-sell/">http://topdocumentaryfilms.com/cancer-sell/</a> |
| Withdrawn status | Lost status | Damaged status | Home library | Current library | Date acquired | Total Checkouts | Date last seen | Price effective from | Koha item type |
|---|---|---|---|---|---|---|---|---|---|
| College Library | College Library | 05/17/2017 | 05/17/2017 | 05/17/2017 | Documentary Films |